Novelas / (Record no. 31495)

MARC details
000 -LEADER
campo de control de longitud fija 00767nam a2200169 i 4500
001 - NÚMERO DE CONTROL
campo de control 31495
003 - IDENTIFICADOR DE NÚMERO DE CONTROL
campo de control ES-MaACL
007 - CAMPO FIJO DE DESCRIPCIÓN FÍSICA--INFORMACIÓN GENERAL
campo de control de longitud fija t|
008 - DATOS DE LONGITUD FIJA--INFORMACIÓN GENERAL
campo de control de longitud fija 030129m19521953sp ||||1| spa d
100 1# - ENTRADA PRINCIPAL--NOMBRE DE PERSONA
Nombre de persona Baum, Vicki.
9 (RLIN) 26577
245 10 - MENCIÓN DEL TÍTULO
Título Novelas /
Mención de responsabilidad, etc. Vicki Baum.
250 ## - MENCION DE EDICION
Mención de edición [1ª ed.].
260 ## - PUBLICACIÓN, DISTRIBUCIÓN, ETC.
Lugar de publicación, distribución, etc. Barcelona :
Nombre del editor, distribuidor, etc. Planeta,
Fecha de publicación, distribución, etc. [1952-53] (
Lugar de fabricación/manufactura Madrid :
Fabricante Castilla)
300 ## - DESCRIPCIÓN FÍSICA
Extensión 2 t. ;
Dimensiones 17 cm.
505 8# - NOTA DE CONTENIDO CON FORMATO
Nota de contenido con formato Contiene: T. I: Shangai Hotel. Lo que los hombres nunca saben. El eterno cuace. El ocaso de las estrellas. Una noche en el Trópico. -- T. II: Almas liberadas. La aguja roja. Hambre. Vidas sin misterio. Camino a escena. Amor y muerte en Bali. Retorno al amanecer. El número sensacional. La maravilla. Amor de artista. ¡Cuidado con el ciervo!
852 ## - LOCALIZACIÓN
Ubicación ES-MaACL
Número de control de estantería E-3831-2
Holdings
Estatus retirado Estado de pérdida Estado de daño No para préstamo Biblioteca de origen Biblioteca actual Ubicación en estantería Fecha de adquisición Fuente de adquisición Total de préstamos Signatura topográfica completa Código de barras Visto por última vez Precio de reemplazo Tipo de ítem Koha
        Biblioteca del Ateneo de Madrid Biblioteca del Ateneo de Madrid Depósito 2 17/01/2008     E-3831-2 1032547 23/02/2023 23/02/2023 Libro impreso